[Event "21. Copenhagen Open  (Politiken Cup)"]
[Site "Copenhagen"]
[Date "1999.07.07"]
[Round "5"]
[White "Poulsen, Martin"]
[Black "Mashiri, Artur"]
[Result "0-1"]
[WhiteElo "1775"]
[BlackElo "2073"]
[PlyCount "60"]
[EventDate "1999.07.03"]
[EventType "swiss"]
[EventRounds "11"]
[EventCountry "DEN"]
[SourceDate "2004.01.01"]

1. e4 d5 2. exd5 Nf6 3. Nc3 Bg4 4. f3 Bf5 5. Bb5+ c6 6. dxc6 bxc6 7. Ba4 e5 8.
d3 Bc5 9. Bb3 O-O 10. Bg5 h6 11. Bxf6 Qxf6 12. Qe2 Bd4 13. Qd2 Nd7 14. Nge2 Bb6
15. O-O-O Nc5 16. Bc4 Rad8 17. Ng3 Be6 18. Nge4 Nxe4 19. Nxe4 Qe7 20. Qe2 a5
21. Nd2 a4 22. Bxe6 Qxe6 23. Nc4 Bc7 24. Rhe1 Rfe8 25. Kb1 Ra8 26. g3 a3 27.
Nxa3 Rxa3 28. bxa3 Rb8+ 29. Ka1 Ba5 30. Qxe5 Qxe5+ 0-1

[Event "21. Copenhagen Open  (Politiken Cup)"]
[Site "Copenhagen"]
[Date "1999.07.07"]
[Round "5"]
[White "Preuss, Flemming"]
[Black "Mathiesen, Erik"]
[Result "1-0"]
[WhiteElo "2078"]
[BlackElo "1891"]
[PlyCount "111"]
[EventDate "1999.07.03"]
[EventType "swiss"]
[EventRounds "11"]
[EventCountry "DEN"]
[SourceDate "2004.01.01"]

1. e4 c5 2. Nf3 d6 3. d4 cxd4 4. Nxd4 Nf6 5. Nc3 a6 6. Bc4 e6 7. Be3 b5 8. Bb3
Bb7 9. f3 Be7 10. Bxe6 fxe6 11. Nxe6 Qd7 12. Nxg7+ Kf7 13. Nf5 b4 14. Ne2 Nc6
15. O-O Ne5 16. Nf4 h5 17. c3 bxc3 18. Qb3+ d5 19. Bd4 Ng6 20. Nh3 Rhc8 21.
Ng5+ Kf8 22. Nxe7 Kxe7 23. Qb4+ Ke8 24. Bxf6 Rc4 25. Qb3 Qb5 26. bxc3 dxe4 27.
fxe4 Rac8 28. Qxb5+ axb5 29. Rad1 b4 30. cxb4 Rxb4 31. Rb1 Rxb1 32. Rxb1 Ba6
33. g3 h4 34. Rd1 hxg3 35. hxg3 Bb7 36. Kf2 Rc2+ 37. Ke3 Rc8 38. Rd6 Nf8 39.
Kf4 Nd7 40. Re6+ Kf8 41. Be7+ Kg8 42. Rg6+ Kh8 43. Kf5 Rc6 44. Bf6+ Nxf6 45.
Rxf6 Rc8 46. e5 Bd5 47. a4 Bb3 48. a5 Bc2+ 49. Kg4 Ra8 50. a6 Bd3 51. e6 Bxa6
52. Rf7 Re8 53. Kf5 Kg8 54. Kf6 Bc4 55. Rg7+ Kh8 56. Nf7# 1-0

[Event "21. Copenhagen Open  (Politiken Cup)"]
[Site "Copenhagen"]
[Date "1999.07.07"]
[Round "5"]
[White "Rasmussen, Casper Dahl"]
[Black "Auchenberg, Per"]
[Result "1-0"]
[WhiteElo "2240"]
[BlackElo "2054"]
[PlyCount "66"]
[EventDate "1999.07.03"]
[EventType "swiss"]
[EventRounds "11"]
[EventCountry "DEN"]
[SourceDate "2004.01.01"]

1. e4 c5 2. Nf3 e6 3. d4 cxd4 4. Nxd4 a6 5. Bd3 g6 6. O-O Bg7 7. Nf3 Nc6 8. c4
Nge7 9. Nc3 O-O 10. Qe2 d5 11. Rd1 dxc4 12. Bxc4 Qc7 13. Bg5 h6 14. Be3 Kh7 15.
Rac1 Ne5 16. Nxe5 Bxe5 17. g3 Bd7 18. Bd3 Bc6 19. a4 Rac8 20. b4 Bxc3 21. Rxc3
Qe5 22. Rc5 Qf6 23. b5 axb5 24. axb5 Be8 25. e5 Qg7 26. Rxc8 Nxc8 27. Bc5 Rg8
28. Be4 b6 29. Bb4 Na7 30. Bd3 f6 31. exf6 Qxf6 32. Rc1 Rg7 33. Bc3 e5 {tid}
1-0

[Event "21. Copenhagen Open  (Politiken Cup)"]
[Site "Copenhagen"]
[Date "1999.07.07"]
[Round "5"]
[White "Rasmussen, Henning"]
[Black "Hansen, Erik Svaerke"]
[Result "1-0"]
[WhiteElo "1802"]
[BlackElo "1626"]
[PlyCount "115"]
[EventDate "1999.07.03"]
[EventType "swiss"]
[EventRounds "11"]
[EventCountry "DEN"]
[SourceDate "2004.01.01"]

1. Nf3 Nf6 2. c4 e6 3. d4 d5 4. e3 Be7 5. Nc3 O-O 6. Bd3 b6 7. O-O c5 8. Qe2
Bb7 9. Rd1 Nbd7 10. b3 Rc8 11. Bb2 Bd6 12. Rac1 Qe7 13. Bb1 Rfe8 14. dxc5 bxc5
15. Qd3 Red8 16. cxd5 Nf8 17. Qc2 exd5 18. Qf5 Qe6 19. Nb5 Bb8 20. Bxf6 Qxf6
21. Qxf6 gxf6 22. Ne1 Ne6 23. Bd3 a6 24. Nc3 Ba7 25. Ne2 Rc7 26. Bf5 Ng7 27.
Bg4 h5 28. Bf3 Kh7 29. Nf4 Rcd7 30. Nxh5 Nxh5 31. Bxh5 Kh6 32. Bf3 f5 33. Nd3
Rc7 34. Nf4 Rcd7 35. h3 Kg5 36. g3 Ba8 37. Kg2 d4 38. exd4 Bxf3+ 39. Kxf3 Rxd4
40. Rxd4 Rxd4 41. Rc2 a5 42. Re2 a4 43. bxa4 Rxa4 44. h4+ Kf6 45. Nd5+ Kg6 46.
Rc2 c4 47. Ne3 Ra3 48. Ke2 c3 49. Nd5 Bd4 50. f3 Ra5 51. Ne7+ Kh5 52. Nc6 Rd5
53. Nxd4 Rxd4 54. Rxc3 Ra4 55. a3 Ra6 56. f4 Kg4 57. Kd2 Kh3 58. Kc2 1-0

[Event "21. Copenhagen Open  (Politiken Cup)"]
[Site "Copenhagen"]
[Date "1999.07.07"]
[Round "5"]
[White "Rasmussen, Poul"]
[Black "Brameld, Arthur F"]
[Result "0-1"]
[WhiteElo "1581"]
[BlackElo "2109"]
[PlyCount "59"]
[EventDate "1999.07.03"]
[EventType "swiss"]
[EventRounds "11"]
[EventCountry "DEN"]
[SourceDate "2004.01.01"]

1. e4 Nf6 2. Nc3 d5 3. exd5 Nxd5 4. Bc4 Nb6 5. Bb3 Nc6 6. Nf3 Bf5 7. d4 e6 8.
Qe2 Nxd4 9. Nxd4 Qxd4 10. Be3 Qd7 11. Rd1 Bd6 12. Nb5 Qc6 13. Bxb6 Qxb6 14.
Nxd6+ cxd6 15. Ba4+ Ke7 16. O-O Rhd8 17. Bb3 Rac8 18. Rfe1 Rc5 19. Rd5 Rxd5 20.
Bxd5 Rc8 21. Be4 Bxe4 22. Qxe4 Qxb2 23. Qh4+ Qf6 24. Qxh7 g6 25. Qh6 Rxc2 26.
Rf1 g5 27. Qh7 Rxa2 28. Qd3 Ra1 29. Rd1 Rxd1+ 30. Qxd1 0-1

[Event "21. Copenhagen Open  (Politiken Cup)"]
[Site "Copenhagen"]
[Date "1999.07.07"]
[Round "5"]
[White "Rosenberg, Jan"]
[Black "Jensen, Torben W"]
[Result "0-1"]
[WhiteElo "1624"]
[BlackElo "1740"]
[PlyCount "70"]
[EventDate "1999.07.03"]
[EventType "swiss"]
[EventRounds "11"]
[EventCountry "DEN"]
[SourceDate "2004.01.01"]

1. e4 d6 2. d4 g6 3. Bc4 Bg7 4. Nf3 Nf6 5. Nc3 O-O 6. h3 c6 7. O-O b5 8. Bd3 a5
9. Be3 Na6 10. Qd2 Nd7 11. Bh6 b4 12. Ne2 c5 13. Bxg7 Kxg7 14. Ng3 Qc7 15. b3
e6 16. Rae1 f6 17. e5 dxe5 18. dxe5 f5 19. Qg5 Qd8 20. Nh5+ Kh8 21. Nf4 Qe8 22.
Qh6 Rg8 23. Ng5 Nf8 24. Bc4 Nc7 25. Rd1 Qe7 26. Rd8 Qg7 27. Rxf8 Qxh6 28. Nf7+
Kg7 29. Rxg8+ Kxf7 30. Rd8 Qxf4 31. Rfd1 Ke7 32. Rh8 Qh6 33. Rhd8 Nd5 34. Rd6
Bb7 35. Bb5 Rd8 0-1

[Event "21. Copenhagen Open  (Politiken Cup)"]
[Site "Copenhagen"]
[Date "1999.07.07"]
[Round "5"]
[White "Rossen, Claus"]
[Black "Sorensen, Torben N"]
[Result "1-0"]
[WhiteElo "2184"]
[BlackElo "2348"]
[PlyCount "65"]
[EventDate "1999.07.03"]
[EventType "swiss"]
[EventRounds "11"]
[EventCountry "DEN"]
[SourceDate "2004.01.01"]

1. e4 d6 2. d4 e5 3. Nf3 Nd7 4. Bc4 g6 5. dxe5 dxe5 6. O-O Bg7 7. Ng5 Nh6 8.
Bxf7+ Nxf7 9. Ne6 Qf6 10. Nxc7+ Kd8 11. Nxa8 Qc6 12. Nc3 Bf8 13. Qd5 Qxd5 14.
Nxd5 Bd6 15. Be3 b6 16. f3 Bb7 17. Naxb6 axb6 18. Nxb6 Nxb6 19. Bxb6+ Kd7 20.
Rfd1 Kc6 21. Be3 Nd8 22. c3 Ne6 23. b4 Ba6 24. a4 Bc4 25. Rd2 Be7 26. a5 Ra8
27. Rad1 Bb3 28. Rb1 Bc4 29. b5+ Kc7 30. a6 Bc5 31. b6+ Kc6 32. Bxc5 Nxc5 33.
b7 1-0

[Event "21. Copenhagen Open  (Politiken Cup)"]
[Site "Copenhagen"]
[Date "1999.07.07"]
[Round "5"]
[White "Rubeksen, Thomas H"]
[Black "Hogh, Sidsel T"]
[Result "1-0"]
[WhiteElo "1050"]
[BlackElo "1150"]
[PlyCount "73"]
[EventDate "1999.07.03"]
[EventType "swiss"]
[EventRounds "11"]
[EventCountry "DEN"]
[SourceDate "2004.01.01"]

1. e4 d5 2. exd5 Qxd5 3. Qf3 Qxf3 4. Nxf3 Bf5 5. d3 Nf6 6. h3 g6 7. Be2 Bg7 8.
Nc3 O-O 9. O-O Nc6 10. a3 a6 11. Bf4 Rac8 12. Rab1 Nh5 13. Bd2 e5 14. g4 Nf4
15. Bxf4 exf4 16. gxf5 Rfe8 17. Rfe1 Re7 18. fxg6 fxg6 19. Bd1 Rxe1+ 20. Nxe1
Re8 21. Kf1 Nd4 22. Nf3 Nf5 23. Nd5 Be5 24. Nxe5 Rxe5 25. Nxf4 g5 26. Ne2 h5
27. Ng3 Nxg3+ 28. fxg3 h4 29. gxh4 gxh4 30. Bg4 Rc5 31. c4 Re5 32. Re1 Rxe1+
33. Kxe1 Kf8 34. Kf2 Kg7 35. Kf3 Kg6 36. Kf4 Kf6 37. Bc8 1-0

[Event "21. Copenhagen Open  (Politiken Cup)"]
[Site "Copenhagen"]
[Date "1999.07.07"]
[Round "5"]
[White "Schandorff, Lars"]
[Black "Olsen, Heini"]
[Result "1-0"]
[WhiteElo "2514"]
[BlackElo "2292"]
[PlyCount "81"]
[EventDate "1999.07.03"]
[EventType "swiss"]
[EventRounds "11"]
[EventCountry "DEN"]
[SourceDate "2004.01.01"]

1. c4 Nf6 2. Nc3 g6 3. e4 d6 4. d4 Bg7 5. Be2 O-O 6. Bg5 Na6 7. Qd2 e5 8. d5 c6
9. f3 cxd5 10. cxd5 Bd7 11. h4 Qa5 12. Nh3 Rab8 13. g4 b5 14. Nd1 Qxd2+ 15.
Bxd2 Nc5 16. Nhf2 Rfc8 17. Nd3 Nxd3+ 18. Bxd3 h5 19. g5 Ne8 20. Ke2 Bf8 21. Nf2
Be7 22. Be3 a6 23. Rhc1 Bd8 24. Rxc8 Rxc8 25. Nd1 Nc7 26. b3 Na8 27. a4 bxa4
28. bxa4 Nb6 29. Nb2 Rb8 30. Ra2 a5 31. Bd2 Bc7 32. Bxa5 Ra8 33. Bxb6 Bxb6 34.
Nc4 Bc7 35. Bc2 Ra6 36. Kd3 Bd8 37. Rb2 Kg7 38. Rb7 Bxa4 39. Bxa4 Rxa4 40. Nxd6
Ra3+ 41. Ke2 1-0

[Event "21. Copenhagen Open  (Politiken Cup)"]
[Site "Copenhagen"]
[Date "1999.07.07"]
[Round "5"]
[White "Schmidt, Horst Hubert"]
[Black "Schmied, Andreas"]
[Result "0-1"]
[WhiteElo "1672"]
[BlackElo "2162"]
[PlyCount "158"]
[EventDate "1999.07.03"]
[EventType "swiss"]
[EventRounds "11"]
[EventCountry "DEN"]
[SourceDate "2004.01.01"]

1. d4 Nf6 2. c4 g6 3. Nc3 d5 4. e3 Bg7 5. Nf3 O-O 6. cxd5 Nxd5 7. Bc4 Nb6 8.
Be2 Nc6 9. O-O e5 10. dxe5 Nxe5 11. Nxe5 Bxe5 12. Qxd8 Rxd8 13. Ne4 Na4 14. f4
Bg7 15. Ng3 Nxb2 16. Bxb2 Bxb2 17. Rab1 Ba3 18. e4 b6 19. f5 Rd4 20. Rfd1 Bc5
21. Kh1 Bb7 22. Rxd4 Bxd4 23. Bc4 Kg7 24. Rd1 c5 25. e5 Rd8 26. e6 fxe6 27.
fxe6 Bf6 28. Re1 Bc6 29. a4 Bxa4 30. Ne4 Be7 31. Nc3 Bc6 32. Rf1 Bf6 33. Bb5
Rd6 34. Bxc6 Rxc6 35. Nd5 Rxe6 36. g3 a5 37. Nc7 Re2 38. Nd5 Bd4 39. Nxb6 Ra2
40. Nc4 a4 41. Rf3 Ra1+ 42. Kg2 Rb1 43. Nd6 Rb3 44. Rf7+ Kg8 45. Ra7 a3 46. Nc4
Bb2 47. Kf1 Rc3 48. Nd6 Rc1+ 49. Kg2 Rc2+ 50. Kf3 Be5 51. Nf7 Bg7 52. Ng5 Bh6
53. Nxh7 a2 54. Nf6+ Kf8 55. Nd7+ Ke8 56. Nxc5 Rxh2 57. Nb3 Rb2 58. Na1 Kf8 59.
Ke4 Bg7 60. Kd3 Rg2 61. Nb3 Rxg3+ 62. Kc4 Rc3+ 63. Kd5 Rxb3 64. Rxa2 Re3 65.
Rf2+ Kg8 66. Rg2 Kf7 67. Ra2 Bf6 68. Ra7+ Re7 69. Ra2 g5 70. Rf2 Kg6 71. Kd6
Re8 72. Kd7 Kf7 73. Kd6 Rd8+ 74. Kc7 Kg6 75. Rg2 Rd1 76. Kc6 Be5 77. Re2 Bf6
78. Re8 Kf5 79. Kc5 Kg4 0-1

[Event "21. Copenhagen Open  (Politiken Cup)"]
[Site "Copenhagen"]
[Date "1999.07.07"]
[Round "5"]
[White "Skare, Karl Andre"]
[Black "Tjornsted, Peter"]
[Result "1-0"]
[WhiteElo "2164"]
[BlackElo "1837"]
[PlyCount "59"]
[EventDate "1999.07.03"]
[EventType "swiss"]
[EventRounds "11"]
[EventCountry "DEN"]
[SourceDate "2004.01.01"]

1. c4 b6 2. Nc3 Bb7 3. d4 e6 4. Bf4 Nf6 5. e3 d5 6. cxd5 Nxd5 7. Nxd5 Qxd5 8.
Ne2 Bb4+ 9. Nc3 Nd7 10. Qa4 Qa5 11. Qxa5 Bxa5 12. f3 c5 13. Bb5 cxd4 14. O-O-O
Bxc3 15. bxc3 Rc8 16. Rxd4 Bc6 17. Bxc6 Rxc6 18. Rhd1 Nf8 19. Kb2 f6 20. Rd8+
Ke7 21. Ra8 a5 22. Rdd8 e5 23. Bg3 g5 24. e4 b5 25. Rdb8 b4 26. cxb4 axb4 27.
Rb7+ Kd6 28. Rd8+ Kc5 29. Rd5+ Kc4 30. Be1 1-0

[Event "21. Copenhagen Open  (Politiken Cup)"]
[Site "Copenhagen"]
[Date "1999.07.07"]
[Round "5"]
[White "Steindorsson, Sigurour P"]
[Black "Clausen, Mikkel"]
[Result "1-0"]
[WhiteElo "2052"]
[BlackElo "1787"]
[PlyCount "79"]
[EventDate "1999.07.03"]
[EventType "swiss"]
[EventRounds "11"]
[EventCountry "DEN"]
[SourceDate "2004.01.01"]

1. c4 Nf6 2. Nc3 g6 3. g3 Bg7 4. Bg2 c6 5. e4 d6 6. Nge2 Nbd7 7. O-O Ne5 8. d3
O-O 9. h3 Ne8 10. f4 Nd7 11. d4 e5 12. Kh2 exd4 13. Nxd4 Qc7 14. Be3 Nef6 15.
Qc2 Re8 16. Rad1 Nc5 17. b4 Ncxe4 18. Nxe4 Nxe4 19. Bxe4 f5 20. Bxf5 Rxe3 21.
Qf2 Qe7 22. Bxc8 Bxd4 23. Bg4 c5 24. Qg2 Re8 25. Qd5+ Kg7 26. bxc5 dxc5 27. f5
Rd8 28. Qg2 gxf5 29. Rxf5 Rd6 30. Rdf1 Rf6 31. Qd5 h6 32. Rxf6 Bxf6 33. Bh5 Qc7
34. Rf4 Re5 35. Qf3 Qe7 36. h4 Re3 37. Qg4+ Kh7 38. Qg6+ Kh8 39. Qxh6+ Kg8 40.
Rxf6 1-0

[Event "21. Copenhagen Open  (Politiken Cup)"]
[Site "Copenhagen"]
[Date "1999.07.07"]
[Round "5"]
[White "Van Der Weide, Karel"]
[Black "Jorgensen, Michael"]
[Result "1-0"]
[WhiteElo "2434"]
[BlackElo "2274"]
[PlyCount "97"]
[EventDate "1999.07.03"]
[EventType "swiss"]
[EventRounds "11"]
[EventCountry "DEN"]
[SourceDate "2004.01.01"]

1. e4 e6 2. d4 d5 3. Nc3 Bb4 4. e5 c5 5. a3 Bxc3+ 6. bxc3 Ne7 7. Qg4 Qc7 8.
Qxg7 Rg8 9. Qxh7 cxd4 10. Ne2 Nbc6 11. f4 Bd7 12. Qd3 dxc3 13. Nxc3 a6 14. Rb1
Na5 15. h4 Nf5 16. Rh3 Nc4 17. h5 Rc8 18. h6 Rh8 19. g4 Ne7 20. Kd1 b5 21. Qd4
Bc6 22. Bd3 Ba8 23. Ne2 Nc6 24. Qf2 Rd8 25. Ng3 Kd7 26. h7 Kc8 27. Rh5 Ne7 28.
Qd4 Nc6 29. Qc5 Nb6 30. Bd2 Na4 31. Qf2 Ne7 32. Qd4 Nc6 33. Qf2 Na5 34. Bxa5
Qxa5 35. Qa7 Nc3+ 36. Kc1 Qxa3+ 37. Rb2 Bb7 38. Kd2 Ne4+ 39. Nxe4 Qa5+ 40. Nc3
d4 41. Rb3 Rd7 42. Rg5 Rxh7 43. Rg8+ Kc7 44. Qc5+ Bc6 45. Bxh7 dxc3+ 46. Kc1 f5
47. Ra3 Rxh7 48. Rg7+ Kd8 49. Rxh7 1-0

[Event "21. Copenhagen Open  (Politiken Cup)"]
[Site "Copenhagen"]
[Date "1999.07.08"]
[Round "6"]
[White "Al Saad, Mofid"]
[Black "Jessen, Simon Pind"]
[Result "0-1"]
[WhiteElo "1323"]
[BlackElo "1939"]
[PlyCount "68"]
[EventDate "1999.07.03"]
[EventType "swiss"]
[EventRounds "11"]
[EventCountry "DEN"]
[SourceDate "2004.01.01"]

1. c4 Nf6 2. g3 g6 3. Bg2 Bg7 4. Nc3 O-O 5. d4 d6 6. e3 c6 7. Nge2 Nbd7 8. O-O
Nb6 9. b3 d5 10. c5 Nbd7 11. e4 dxe4 12. Nxe4 Nxe4 13. Bxe4 Nf6 14. Bg2 Nd5 15.
h3 Be6 16. Bb2 Qd7 17. Kh2 Rad8 18. Qd2 h5 19. Rad1 Kh7 20. Ng1 Bh6 21. f4 h4
22. Qf2 hxg3+ 23. Qxg3 Rh8 24. Rde1 Kg8 25. Re5 Bg7 26. Nf3 Bxh3 27. Ng5 Bxg2+
28. Kxg2 f6 29. Ne6 fxe5 30. Qxg6 Rh7 31. fxe5 Ne3+ 32. Kf2 Nxf1 33. Ng5 Rf8+
34. Ke1 Qf5 0-1

[Event "21. Copenhagen Open  (Politiken Cup)"]
[Site "Copenhagen"]
[Date "1999.07.08"]
[Round "6"]
[White "Arngrimsson, Dagur"]
[Black "Nolsoe, Eydun"]
[Result "0-1"]
[WhiteElo "1725"]
[BlackElo "2184"]
[PlyCount "62"]
[EventDate "1999.07.03"]
[EventType "swiss"]
[EventRounds "11"]
[EventCountry "DEN"]
[SourceDate "2004.01.01"]

1. e4 c5 2. Nf3 d6 3. d4 cxd4 4. Nxd4 Nf6 5. Nc3 a6 6. Bg5 e6 7. f4 Nbd7 8. Qf3
Qc7 9. O-O-O Be7 10. g4 b5 11. Bxf6 Nxf6 12. g5 Nd7 13. f5 Bxg5+ 14. Kb1 Ne5
15. Qg3 Bf6 16. fxe6 fxe6 17. Bh3 Qe7 18. Rhg1 O-O 19. Rdf1 Bd7 20. Nce2 Nc4
21. Rd1 Bh4 22. Qd3 Bf2 23. Rg2 Rae8 24. Nf3 Bc5 25. e5 Ne3 26. exd6 Qf6 27.
Ng5 Qh6 28. Rg3 Nxd1 29. Qxd1 Bf2 30. Rg2 Be3 31. Ne4 Qxh3 0-1

[Event "21. Copenhagen Open  (Politiken Cup)"]
[Site "Copenhagen"]
[Date "1999.07.08"]
[Round "6"]
[White "Auchenberg, Per"]
[Black "Rasmussen, Henning"]
[Result "1-0"]
[WhiteElo "2054"]
[BlackElo "1802"]
[PlyCount "61"]
[EventDate "1999.07.03"]
[EventType "swiss"]
[EventRounds "11"]
[EventCountry "DEN"]
[SourceDate "2004.01.01"]

1. f4 d5 2. b3 Nf6 3. Bb2 c5 4. e3 Nc6 5. Bb5 Bd7 6. Nf3 a6 7. Bxc6 Bxc6 8. Ne5
Qc7 9. O-O e6 10. d3 Bd6 11. Nd2 O-O-O 12. Qe2 Ne8 13. c4 f6 14. Nxc6 Qxc6 15.
Rac1 Kb8 16. cxd5 exd5 17. b4 Qb6 18. bxc5 Bxc5 19. d4 Bb4 20. Bc3 Bxc3 21.
Rxc3 Nd6 22. Rc5 Nf5 23. g4 Ne7 24. Rb1 Qe6 25. f5 Qd6 26. Nb3 Nc6 27. Rc3 Ka7
28. Nc5 Rb8 29. Rxb7+ Rxb7 30. Qxa6+ Kb8 31. Qxb7# 1-0

[Event "21. Copenhagen Open  (Politiken Cup)"]
[Site "Copenhagen"]
[Date "1999.07.08"]
[Round "6"]
[White "Bekker Jensen, Simon"]
[Black "Bekker Jensen, David"]
[Result "1/2-1/2"]
[WhiteElo "2436"]
[BlackElo "2264"]
[PlyCount "21"]
[EventDate "1999.07.03"]
[EventType "swiss"]
[EventRounds "11"]
[EventCountry "DEN"]
[SourceDate "2004.01.01"]

1. e4 c5 2. Nf3 Nc6 3. Bb5 g6 4. Bxc6 bxc6 5. O-O Bg7 6. Re1 e5 7. d3 Ne7 8.
Be3 d6 9. Qd2 Bg4 10. Bh6 O-O 11. Bxg7 1/2-1/2

[Event "21. Copenhagen Open  (Politiken Cup)"]
[Site "Copenhagen"]
[Date "1999.07.08"]
[Round "6"]
[White "Berg, Olaf"]
[Black "Nielsen, Frode Benedikt"]
[Result "1-0"]
[WhiteElo "1530"]
[BlackElo "1949"]
[PlyCount "109"]
[EventDate "1999.07.03"]
[EventType "swiss"]
[EventRounds "11"]
[EventCountry "DEN"]
[SourceDate "2004.01.01"]

1. e4 e5 2. Nf3 Nf6 3. Nc3 Nc6 4. Bc4 Be7 5. O-O d6 6. h3 O-O 7. d3 Be6 8. Ng5
Bxc4 9. dxc4 Nd4 10. Re1 Nd7 11. Nf3 Nxf3+ 12. Qxf3 Bg5 13. Bxg5 Qxg5 14. Rad1
Nc5 15. Nd5 f5 16. exf5 Rf7 17. Qg4 Qxg4 18. hxg4 a5 19. f3 Kf8 20. Kf2 Re8 21.
Rh1 Kg8 22. Ke3 e4 23. f4 Na4 24. b3 c6 25. bxa4 cxd5 26. Rxd5 Rc7 27. c5 dxc5
28. Rhd1 Rc6 29. Rd6 Rcc8 30. Re6 c4 31. c3 Red8 32. Red6 Kf7 33. g5 Rxd6 34.
Rxd6 Rc5 35. Kxe4 b5 36. Rd5 Rxd5 37. Kxd5 b4 38. Kxc4 bxc3 39. Kxc3 Ke7 40.
Kd4 Kd6 41. g4 Kd7 42. Ke5 Ke7 43. f6+ Kf7 44. fxg7 Kg8 45. Ke6 h5 46. gxh5 Kh7
47. g6+ Kg8 48. f5 Kxg7 49. f6+ Kg8 50. f7+ Kf8 51. g7+ Kxg7 52. Ke7 Kh8 53.
Kf6 Kh7 54. f8=R Kh6 55. Rh8# 1-0

[Event "21. Copenhagen Open  (Politiken Cup)"]
[Site "Copenhagen"]
[Date "1999.07.08"]
[Round "6"]
[White "Bering, Anders"]
[Black "Poulsen, Martin"]
[Result "0-1"]
[WhiteElo "2007"]
[BlackElo "1775"]
[PlyCount "86"]
[EventDate "1999.07.03"]
[EventType "swiss"]
[EventRounds "11"]
[EventCountry "DEN"]
[SourceDate "2004.01.01"]

1. e4 c5 2. Nf3 d6 3. d4 cxd4 4. Qxd4 Nc6 5. Bb5 Bd7 6. Bxc6 Bxc6 7. c4 Nf6 8.
Nc3 g6 9. O-O Bg7 10. Qd3 O-O 11. Nd4 Nd7 12. b3 Nc5 13. Qe3 e5 14. Nxc6 bxc6
15. Ba3 Ne6 16. Ne2 f5 17. exf5 gxf5 18. Qd2 Rf7 19. Qxd6 Qxd6 20. Bxd6 c5 21.
f4 e4 22. Rad1 Rd8 23. Be5 Nd4 24. Nc3 Bxe5 25. fxe5 Re8 26. Na4 Rxe5 27. Nxc5
Ne2+ 28. Kf2 Nc3 29. Rd8+ Kg7 30. b4 Nxa2 31. Na6 f4 32. Ra1 f3 33. gxf3 Rxf3+
34. Ke1 Rg5 35. Rad1 Rg1+ 36. Ke2 Rg2+ 37. Ke1 Nc3 38. R8d7+ Kf6 39. R1d6+ Ke5
40. Rd5+ Kf4 41. Rf7+ Ke3 42. Rxf3+ exf3 43. Re5+ Ne4 0-1

[Event "21. Copenhagen Open  (Politiken Cup)"]
[Site "Copenhagen"]
[Date "1999.07.08"]
[Round "6"]
[White "Bjarnason, Larus H"]
[Black "Brameld, Arthur F"]
[Result "0-1"]
[WhiteElo "1550"]
[BlackElo "2109"]
[PlyCount "84"]
[EventDate "1999.07.03"]
[EventType "swiss"]
[EventRounds "11"]
[EventCountry "DEN"]
[SourceDate "2004.01.01"]

1. d4 Nc6 2. e4 e5 3. d5 Nce7 4. c4 Ng6 5. a3 Bc5 6. Nc3 d6 7. g3 Qf6 8. Qe2
Bg4 9. f3 Bd7 10. h4 h6 11. Bd2 Qe7 12. O-O-O Nf6 13. Nh3 a6 14. Nf2 Nh5 15.
Rg1 O-O 16. Be3 Rfb8 17. Nd3 Bxe3+ 18. Qxe3 b5 19. c5 dxc5 20. Qxc5 Qf6 21. Be2
a5 22. f4 b4 23. Nb1 Nhxf4 24. gxf4 Nxf4 25. Bg4 Ba4 26. Rd2 Rb5 27. Qe3 Qd6
28. Bd1 Nxd3+ 29. Rxd3 Rc5+ 30. Kd2 Bb5 31. Qg3 g6 32. Rf3 c6 33. a4 cxd5 34.
exd5 Rxd5+ 35. Kc1 Rc8+ 36. Bc2 Bd3 37. Rxd3 Rxd3 38. Qg2 b3 39. Nc3 Rcxc3 40.
bxc3 Qa3+ 41. Kb1 Qa2+ 42. Kc1 b2# 0-1

[Event "21. Copenhagen Open  (Politiken Cup)"]
[Site "Copenhagen"]
[Date "1999.07.08"]
[Round "6"]
[White "Bosch, Jeroen"]
[Black "Olsen, Peter Erik"]
[Result "1-0"]
[WhiteElo "2433"]
[BlackElo "2248"]
[PlyCount "57"]
[EventDate "1999.07.03"]
[EventType "swiss"]
[EventRounds "11"]
[EventCountry "DEN"]
[SourceDate "2004.01.01"]

1. e4 c5 2. Nf3 Nc6 3. d4 cxd4 4. Nxd4 Nf6 5. Nc3 e5 6. Ndb5 d6 7. Bg5 a6 8.
Na3 b5 9. Bxf6 gxf6 10. Nd5 Bg7 11. Bd3 Ne7 12. Nxe7 Qxe7 13. c4 O-O 14. O-O f5
15. Qe2 Bb7 16. Rad1 Rad8 17. f3 bxc4 18. Nxc4 d5 19. exd5 Bxd5 20. Ne3 e4 21.
Nxd5 Qc5+ 22. Kh1 exd3 23. Qxd3 Kh8 24. b4 Qd6 25. Qxf5 Rfe8 26. Qxf7 Re5 27.
Nc3 Qb8 28. Rxd8+ Qxd8 29. Qc4 1-0

[Event "21. Copenhagen Open  (Politiken Cup)"]
[Site "Copenhagen"]
[Date "1999.07.08"]
[Round "6"]
[White "Backlund, Anders"]
[Black "Bekker Jensen, Anne"]
[Result "1-0"]
[WhiteElo "2265"]
[BlackElo "2074"]
[PlyCount "51"]
[EventDate "1999.07.03"]
[EventType "swiss"]
[EventRounds "11"]
[EventCountry "DEN"]
[SourceDate "2004.01.01"]

1. c4 Nf6 2. Nc3 g6 3. g3 Bg7 4. Bg2 O-O 5. e4 d6 6. Nge2 c5 7. O-O Nc6 8. d3
Bd7 9. h3 Rb8 10. Be3 a6 11. a4 Nb4 12. Kh2 Ne8 13. d4 cxd4 14. Nxd4 b6 15. Qd2
Nc6 16. Nxc6 Bxc6 17. b4 Nf6 18. e5 Bxg2 19. exf6 Bxf1 20. fxg7 Re8 21. Rxf1
Kxg7 22. Nd5 a5 23. b5 Kg8 24. Bd4 Rb7 25. Qe3 Qc8 26. Re1 1-0

[Event "21. Copenhagen Open  (Politiken Cup)"]
[Site "Copenhagen"]
[Date "1999.07.08"]
[Round "6"]
[White "Baekgaard, Martin"]
[Black "Lonborg, Morten"]
[Result "1-0"]
[WhiteElo "2055"]
[BlackElo "2159"]
[PlyCount "95"]
[EventDate "1999.07.03"]
[EventType "swiss"]
[EventRounds "11"]
[EventCountry "DEN"]
[SourceDate "2004.01.01"]

1. e4 c5 2. Nf3 Nc6 3. d3 e6 4. g3 g6 5. Bg2 Bg7 6. O-O Nge7 7. Nbd2 O-O 8. Re1
d6 9. a4 Rb8 10. c3 a6 11. Nf1 b5 12. axb5 axb5 13. d4 b4 14. Bf4 e5 15. dxe5
Nxe5 16. Nxe5 Bxe5 17. Bxe5 dxe5 18. Qxd8 Rxd8 19. Ra5 c4 20. Ne3 Be6 21. Bf1
bxc3 22. bxc3 f6 23. Ra7 Kf8 24. Ra6 Kf7 25. Bxc4 Bxc4 26. Nxc4 Rd3 27. Rc1 Nc8
28. Rc6 Ne7 29. Rc7 Ke6 30. Ra1 Rc8 31. Ra6+ Kf7 32. Rxc8 Nxc8 33. Ra3 Ke6 34.
Kf1 Rd1+ 35. Ke2 Rc1 36. h4 h5 37. Ne3 Nd6 38. Kd3 f5 39. exf5+ gxf5 40. Ra6
Ke7 41. c4 Kd7 42. Ra7+ Ke6 43. Rh7 Ne4 44. Rh6+ Kf7 45. Rxh5 Rc3+ 46. Ke2 Kg6
47. Rxf5 Rxc4 48. Rxe5 1-0

[Event "21. Copenhagen Open  (Politiken Cup)"]
[Site "Copenhagen"]
[Date "1999.07.08"]
[Round "6"]
[White "Carlsson, Pontus"]
[Black "Brinck Claussen, Bjorn"]
[Result "1/2-1/2"]
[WhiteElo "2186"]
[BlackElo "2354"]
[PlyCount "68"]
[EventDate "1999.07.03"]
[EventType "swiss"]
[EventRounds "11"]
[EventCountry "DEN"]
[SourceDate "2004.01.01"]

1. e4 e6 2. d4 d5 3. Nd2 c5 4. exd5 Qxd5 5. Ngf3 cxd4 6. Bc4 Qd6 7. Qe2 Nc6 8.
Ne4 Qc7 9. O-O Nf6 10. Rd1 Bd7 11. Nxd4 Nxe4 12. Qxe4 Nxd4 13. Qxd4 Bc5 14.
Qxg7 O-O-O 15. Bf1 Bd6 16. h3 Bc6 17. Be3 Rhg8 18. Qc3 Rg6 19. Rd2 Rdg8 20. f4
Bxf4 21. Rad1 Rg3 22. Bxf4 Qxf4 23. Rf2 Rxc3 24. Rxf4 Rxc2 25. Rf2 Rxf2 26.
Kxf2 Rg5 27. Rd2 Kc7 28. g4 h5 29. Be2 hxg4 30. hxg4 Rc5 31. Ke3 f6 32. Bd3 Rd5
33. Rf2 Re5+ 34. Kd2 Be4 1/2-1/2